La emergencia de las transferencias monetarias condicionadas en la red de manzaneras y comadres de la provincia de Buenos Aires, Argentina /
En el presente artículo se describen y analizan las continuidades y rupturas existentes en las prácticas de la modalidad Plan Más Vida-Comadres en Buenos Aires, Argentina, que introduce un sistema de subsidio no remunerativo a las familias beneficiarias a través de la entrega de una tarjeta electrón...
Guardado en:
| Hovedforfatter: | |
|---|---|
| Format: | Texto |
| Fag: | |
| Tags: |
Tilføj Tag
Ingen Tags, Vær først til at tagge denne postø!
|
MARC
| LEADER | 00000 a a2200000 04500 | ||
|---|---|---|---|
| 001 | 44668 | ||
| 003 | |||
| 040 | |||
| 100 | |a Dallorso, Nicolás | ||
| 245 | |a La emergencia de las transferencias monetarias condicionadas en la red de manzaneras y comadres de la provincia de Buenos Aires, Argentina / |c Nicolás Dallorso | ||
| 520 | |a En el presente artículo se describen y analizan las continuidades y rupturas existentes en las prácticas de la modalidad Plan Más Vida-Comadres en Buenos Aires, Argentina, que introduce un sistema de subsidio no remunerativo a las familias beneficiarias a través de la entrega de una tarjeta electrónica destinada a la compra de alimentos. | ||
| 590 | |a RRH/ENERO2014 | ||
| 650 | |a POBREZA | ||
| 650 | |a POLITICA SOCIAL | ||
| 650 | |a ESTADO | ||
| 650 | |a TRANSFERENCIAS MONETARIAS | ||
| 650 | |a MUJERES | ||
| 650 | |a ARGENTINA | ||
| 773 | |g páginas 77-103 | ||
| 999 | |c 24035 |d 24035 | ||
